[Event "Cali Loyola Cup 13th"]
[Site "Cali"]
[Date "2011.08.25"]
[Round "1.4"]
[White "Molina Parrado, Juan Camilo"]
[Black "Moran, Daniel Stiven"]
[Result "0-1"]
[WhiteElo "1600"]
[BlackElo "2117"]
[PlyCount "44"]
[EventDate "2011.08.25"]
[EventType "swiss"]
[EventRounds "7"]
[EventCountry "COL"]
[SourceTitle "EXT 2024"]
[Source "ChessBase"]
[SourceDate "2023.10.10"]
[SourceVersion "1"]
[SourceVersionDate "2023.10.10"]
[SourceQuality "1"]

1. f3 e5 2. e4 Nf6 3. Bc4 Bc5 4. d3 Nh5 5. Ne2 Qh4+ 6. Kd2 Qf2 7. Qf1 Qh4 8. g3 Qe7 9. Ke1 d6 10. f4 exf4 11. Bxf4 Nxf4 12. Nxf4 c6 13. c3 d5 14. Nd2 dxc4 15. d4 Bd6 16. Qxc4 Bxf4 17. gxf4 Bg4 18. Rf1 Nd7 19. e5 0-0-0 20. d5 Nxe5 21. fxe5 Qxe5+ 22. Qe4 Qh5 0-1